000 00506nam a2200181Ia 4500
005 20250326125136.0
008 250326s9999 xx 000 0 und d
037 _aTextbook
040 _aFMSL
_beng
_cFMSL
041 _aeng
_2eng
084 _aX:97B L2
_qFMSL
100 _aRowan R L
_9738551
245 0 _aReadings in labor economics and labor relations
_cRowan R L
260 _aUSA
_bUSA, Richard D Irwin
_c1972
300 _a627p
942 _cTB
_hX:97B L2
999 _c1276725
_d1276725